000 00514nam a2200169 a 4500
001 000032515
005 20200930065700.0
008 110718s1999 dr 000 0 spa d
040 _aDO-SdBNP
_bspa
_cBNPHU
082 _axxxx
_bE82a
100 1 _aEstrella Guzmán, Hugo M.
_958451
245 1 0 _aAplicación, distribución y consumo de los apodos de los Veganos.
260 _aLa Vega, República Dominicana :
_b[s. n.],
_c1999.
300 _a178 p. ;
_c25 cm.
500 _aBibliografía : p. 176
049 _aBNPD
999 _c32006
_d32006